| 000 | 00906cam a22002655a 4500 | ||
|---|---|---|---|
| 001 | 12487632 | ||
| 008 | 010730s2002 enka frb 001 0 eng d | ||
| 020 | _a0521807417 | ||
| 020 | _a0521002004 | ||
| 040 |
_aDLC _cDLC _dDLC _dEG-ScBUE |
||
| 050 | 0 | 0 |
_aTA1540 _b.H39 2002 |
| 082 | 0 | 4 |
_a621.3675 _222 _bHAR |
| 100 | 1 |
_aHariharan, P. _937202 |
|
| 245 | 1 | 0 |
_aBasics of holography / _cP. Hariharan. |
| 260 |
_aCambridge, UK ; _aNew York, NY : _bCambridge University Press, _c2002. |
||
| 300 |
_axii, 161 p. : _bill. ; _c26 cm. |
||
| 500 | _aIncludes index. | ||
| 504 | _aIncludes bibliographical references (p. 156). | ||
| 650 | 0 |
_aHolography _2BUEsh _937117 |
|
| 651 | _2BUEsh | ||
| 653 |
_bENGGEN _cNovember2017 |
||
| 906 |
_a7 _bcbc _corignew _d1 _eocip _f20 _gy-gencatlg |
||
| 942 | _2ddc | ||
| 999 |
_c25638 _d25610 |
||